Music Quiz

Random Music or Artist Quiz

Match the Artist to their Song Starting with I Quiz Stats

Quiz not verified by Sporcle

Challenge
Share
Tweet
Embed
Score 0/27 Timer 05:00
0 Plays Today
% Correct
I Want It That Way
87.1%
I Knew You Were Trouble
74.2%
I Write Sins Not Tragedies
74.2%
I'm With You
64.5%
I Want You Back
61.3%
I'll Make A Man Out Of You
51.6%
If I Die Young
51.6%
In My Head
51.6%
I Don't Want To Be
45.2%
I See Fire
45.2%
I Do Not Hook Up
41.9%
I Don't Wanna Live Forever
41.9%
I Took a Pill in Ibiza
41.9%
I Won't Say (I'm In Love)
35.5%
% Correct
I See The Light
32.3%
In Summer
32.3%
Into You
32.3%
I Bet My Life
29%
I Really Like You
29%
It Will Rain
29%
I Lived
25.8%
I Wanna Go
25.8%
If It's Love
25.8%
I Want Crazy
22.6%
I'm Ready
22.6%
It's A Beautiful Day
22.6%
Ice Melts
9.7%

You're not logged in!

Compare scores with friends on all Sporcle quizzes.
Sign Up with Email
OR
Log In

You Might Also Like...

Show Comments

Extras

Top Quizzes Today


Score Distribution

Your Account Isn't Verified!

In order to create a playlist on Sporcle, you need to verify the email address you used during registration. Go to your Sporcle Settings to finish the process.